[Event "Wroclaw Anderssen Memorial op"]
[White "Pietkiewicz, Andrzej"]
[Black "Grossmann, Ryszard"]
[Site "Wroclaw"]
[Round "3"]
[Result "0-1"]
[Date "2024.08.15"]
[WhiteElo "1624"]
[BlackElo "1932"]
[PlyCount "102"]
[EventDate "2024.08.15"]
[EventType "swiss (blitz)"]
[EventRounds "9"]
[EventCountry "POL"]
[SourceTitle "CBM 221 Extra"]
[Source "ChessBase"]
[SourceDate "2024.09.30"]
[SourceVersion "1"]
[SourceVersionDate "2024.09.30"]
[SourceQuality "1"]

1. e4 c5 2. Nf3 e6 3. d4 cxd4 4. Nxd4 a6 5. Nc3 d6 6. Be2 Nd7 7. 0-0 Ngf6 8. Bg5 Be7 9. a4 0-0 10. b4 Qc7 11. Qd2 b6 12. b5 a5 13. Nc6 Re8 14. Bf3 Bf8 15. e5 dxe5 16. Ne7+ Bxe7 17. Bxa8 Bb4 18. Bxf6 Nxf6 19. Rad1 Bxc3 20. Qd3 Bd4 21. Bc6 Rf8 22. c3 Bc5 23. Rd2 Nh5 24. g3 f5 25. Qf3 Nf6 26. Rfd1 e4 27. Qe2 Ng4 28. Qc4 Ne5 29. Qe2 Nf3+ 30. Kf1 Nxd2+ 31. Qxd2 Qe5 32. Re1 h6 33. f4 Qf6 34. Kg2 g5 35. Rf1 Qg6 36. fxg5 hxg5 37. Qe2 Kg7 38. Qd2 f4 39. gxf4 gxf4+ 40. Kh1 e5 41. Qe2 Bf5 42. Qd2 Kh8 43. Qg2 Qxg2+ 44. Kxg2 Kg7 45. h4 Kf6 46. h5 Rg8+ 47. Kh2 e3 48. Bd5 Rg5 49. c4 Rxh5+ 50. Kg2 Bh3+ 51. Kg1 e2+ 0-1

[Event "Wroclaw Anderssen Memorial op-C"]
[White "Kedrzynski, Adam"]
[Black "Pietkiewicz, Andrzej"]
[Site "Wroclaw"]
[Round "3"]
[Result "1-0"]
[Date "2023.??.??"]
[WhiteElo "1472"]
[BlackElo "1253"]
[PlyCount "133"]
[EventDate "2023.08.06"]
[EventType "swiss"]
[EventRounds "9"]
[EventCountry "POL"]
[SourceTitle "EXT 2024"]
[Source "ChessBase"]
[SourceDate "2023.10.10"]
[SourceVersion "1"]
[SourceVersionDate "2023.10.10"]
[SourceQuality "1"]

1. e4 c6 2. d4 d5 3. e5 Bf5 4. Nf3 e6 5. Be2 c5 6. Be3 Qb6 7. Nc3 Nc6 8. 0-0 Bg4 9. Na4 Qa5 10. c3 c4 11. b4 Qd8 12. h3 Bh5 13. Nd2 Bg6 14. f4 h5 15. Bf2 Nge7 16. Nc5 Qc8 17. g4 hxg4 18. hxg4 b6 19. Na4 Qd8 20. Nb2 Nc8 21. Bg3 f6 22. Bf3 Be7 23. Qe1 fxe5 24. dxe5 Bh4 25. Ndxc4 Bxg3 26. Qxg3 Qh4 27. Qxh4 Rxh4 28. Ne3 b5 29. Kg2 N8e7 30. Rh1 Rxh1 31. Rxh1 Kd7 32. Kg3 Rc8 33. a4 a6 34. a5 Nd8 35. Rc1 Ndc6 36. Rh1 Nd8 37. Nbd1 Nf7 38. Ng2 Bc2 39. Nge3 Bg6 40. Rh2 Nh6 41. Nc2 Nc6 42. Rd2 Ke7 43. Be2 Bxc2 44. Rxc2 Nxb4 45. Rd2 Nc6 46. Bd3 Ra8 47. Ra2 Rd8 48. Ne3 d4 49. cxd4 Rxd4 50. Bg6 Nb4 51. Ra3 Nd5 52. Nxd5+ Rxd5 53. Rc3 Kd7 54. Be4 b4 55. Rb3 Rd4 56. Bb7 Rc4 57. Bxa6 Rc3+ 58. Rxc3 bxc3 59. Bd3 Kc6 60. a6 Kb6 61. Kf3 Ka7 62. g5 Nf5 63. Bxf5 exf5 64. Ke3 Kxa6 65. e6 c2 66. Kd2 Kb6 67. e7 1-0